| 000 | 00988cam a2200265La 4500 | ||
|---|---|---|---|
| 005 | 20140903175108.0 | ||
| 008 | 140516s2013 xxu frb 001 0 eng d | ||
| 020 | _a0812245431 | ||
| 020 | _a9780812245431 | ||
| 040 |
_aCO-BoUCM _cJose A. Gerena _dJose A. Gerena _bspa |
||
| 041 | _aeng | ||
| 245 | 0 | 0 |
_aNonstate actors in intrastate conflicts _ceditado por Dan Miodownik, Oren Barak |
| 260 |
_aFiladelfia (Pensilvania, Estados Unidos) _bUniversity of Pennsylvania press _c2013 |
||
| 300 | _avi, 242 páginas | ||
| 490 | 0 | _aNational and ethnic conflict in the twenty-first century | |
| 504 | _aIncluye referencias bibliográficas e índices | ||
| 650 | 7 |
_aConflictos étnicos _911582 |
|
| 650 | 7 |
_aGuerra civil _916584 |
|
| 650 | 7 |
_aInsurgencia _917814 |
|
| 690 |
_942772 _aDerecho internacional |
||
| 700 | 1 |
_aBarak, Oren _eeditor _961191 |
|
| 700 | 1 |
_aMiodownik, Dan _eeditor _961190 |
|
| 942 |
_a8 _cLIBRO _e1 _mN814 _2DEWEY _h341.584 |
||
| 999 |
_c242393 _d242393 |
||